Préfectures de France : Carcassonne - Statistiques

Statistiques générales
  • Ce quiz a été pris 35 fois
  • Le résultat moyen est 13 sur 34
Statistiques - réponses
Question Réponse % Correct
Quel numéro porte celui-ci ? 11
100%
De quel département est-ce la préfecture ? Aude
100%
Comment se nomment ses habitants ? Carcassonnais | Carcassonnaises
93%
Outre l'Aude, la ville est drainée par le le canel du {Midi}
93%
Les journaux locaux {Midi}-libre
93%
A quelle région administrative appartient la ville depuis 2015 ? Occitanie
87%
La ville appartient à l'académie de Montpellier
80%
La ville appartient au diocèse de/d' Narbonne | Carcassonne
80%
Quelles sont les sous-préfectures qui en dépendent ? Narbonne
73%
La cité de la ville est inscrite au {patrimoine mondial} de l'UNESCO
60%
Les journaux locaux La {Dépêche} du Midi
57%
A quelle région administrative appartenait-elle auparavant ? Languedoc-Roussillon
57%
Les couleurs de fond de son blason sont le/l' bleu
50%
Les couleurs de fond de son blason sont le/l' or
50%
Les journaux locaux L'{Indépendant}
47%
Quelles sont les sous-préfectures qui en dépendent ? Limoux
40%
L'aéroport de la ville s'appelle maintenant Pays {Cathare}-sud de France
27%
La ville est entourée par la {montagne} {noire}
23%
La ville est entourée par les {Corbières}
23%
La cité de la ville est inscrite aux {Monuments Historiques}
13%
Les communes limitrophes situées au sud sont Palaja
13%
La ville est desservie par l'autoroute A66
10%
Ville européenne jumelée avec la ville (3 possibles) Eggenfelden | Baeza | Tallin
10%
La gare a été mise en service en 1857
7%
Les communes limitrophes situées au sud sont Cavanac
7%
La ville est entourée par la plaine du {Lauragais}
7%
Les communes limitrophes situées au sud sont Cazilhac
3%
L'aéroport de la ville s'appellait {Salvaza}
3%
Les communes limitrophes situées au sud sont Couffloulens
0%
Les communes limitrophes situées au sud sont Fontiès-d'Aube
0%
Outre l'Aude, la ville est drainée par le Fresquel
0%
Les communes limitrophes situées au sud sont Montirat
0%
Les communes limitrophes situées au sud sont Roullens
0%
La cathédrale est consacrée à St {Michel}
0%
Aucun quiz correspondant
Distribution des résultats
% des personnes avec chaque résultat
Percentile par nombre de réponses
Votre historique - résultats
Vous n’avez pas pris ce quiz